تحميل...

Marketing management:strategies and programs

التفاصيل البيبلوغرافية
المؤلف الرئيسي: Guiltinan, Joseph P
مؤلفون آخرون: Paul, Gordon W
التنسيق: Printed Book
اللغة:Undetermined
منشور في: New York McGraw-Hill international editions 1988
LEADER 00594nam a2200157Ia 4500
008 161229s9999 xx 000 0 und d
020 |a 0071004483 
082 |a 658.8 GUI/MA 
100 |a Guiltinan, Joseph P 
245 |a Marketing management:strategies and programs 
260 |b McGraw-Hill international editions  |a New York  |c 1988 
300 |a xvi, 427 
700 |a Paul, Gordon W 
942 |c BK 
999 |c 151481  |d 151481 
952 |0 0  |1 0  |4 0  |6 658_800000000000000_GUIMA  |7 0  |9 150533  |a KAUCLV  |b KAUCLV  |d 2016-12-29  |o 658.8 GUI/MA  |p 902790  |r 2016-12-29  |w 2016-12-29  |y BK  |z Book transferred from CCBM Library ,Acc.No:1196